000 00448 a2200169 4500
005 20260212112147.0
008 260211b |||||||| |||| 00| 0 eng d
020 _a9789391973896
_cRs. 2295.00
040 _aMAIN
082 _a613.7046
_bJ78Y
100 _aJoshi, Sanjay
245 _aYoga for everyone: Poses for every type of body
260 _bIshika Publishing House
_c2025
_aJaipur
300 _aviii, 280
650 _aYoga
942 _cBK
999 _c396139
_d396139